| 000 | 00389nam a2200145Ia 4500 | ||
|---|---|---|---|
| 008 | 230917s9999||||xx |||||||||||||| ||und|| | ||
| 040 |
_e249315 _aMAIN |
||
| 041 | _aEnglish | ||
| 082 | _a670.4 S73L | ||
| 100 | _aSunil Kumar | ||
| 245 | 0 | _aLean-Kaizen: Concept to application in small and medium sized manufacturing enterprises | |
| 260 | _c2018 | ||
| 300 | _axv, 159 p. | ||
| 942 | _cTH | ||
| 999 |
_c128074 _d128074 |
||